000 00352 a2200157 4500
001 183205
020 _a
040 _cMagnum
100 _aBandeira, Manuel
240 1 0 _aLibertinagem estrela da manhã
_lpor
245 1 0 _aLibertinagem estrela da manhã
300 _a112
440 1 _aNova Fronteira
697 _aLITERATURA GERAL
942 _cBK
999 _c183205
_d183205